000 00344 a2200169 4500
001 188356
020 _a85-08-04193-4
040 _cMagnum
100 _aPenteado, Maria Heloísa
240 1 0 _aCinderela
_lpor
245 1 0 _aCinderela
300 _a16
362 0 _a1992
440 1 _aÁtica
697 _aLITERATURA INFANTO
942 _cBK
999 _c188356
_d188356